Statistics for All Ghostemane Songs

Click here to take the quiz!

General Stats

  • This quiz has been taken 39 times
  • The average score is 43 of 202

Answer Stats

AlbumSong% Correct
RitualsΦ (F)
80%
HEXADAHexada
72%
N/O/I/S/ENihil
72%
TABOO1%
60%
BlackmageBlackmage
60%
N/O/I/S/EGatteka
60%
BlackmageVenom
60%
N/O/I/S/EBallgag
56%
N/O/I/S/EBonesaw
56%
BlackmageElixir
56%
N/O/I/S/EFlesh
56%
N/O/I/S/ETrench Coat
56%
For the Aspiring OccultistCaligula
52%
For the Aspiring OccultistSeppuku
52%
HEXADASqueeze
52%
PlaguesAndromeda
48%
HEXADAD(r)own
48%
PlaguesEuronymous
48%
HEXADAMercury: Retrograde
48%
PlaguesPlagues
48%
HEXADARake
48%
BlackmageAvatar
44%
N/O/I/S/EBlack Blood
44%
N/O/I/S/EInside
44%
1991Intro/iLLumni
44%
HEXADAPolaris
44%
PlaguesAxis
40%
BlackmageLeprosy
40%
HEXADANAILS
40%
OOGABOOGAOOGABOOGA
40%
ANTI-ICONThe blood
40%
N/O/I/S/EThe Singularity
40%
N/O/I/S/EAndroids Dream of Electric Sheep
36%
Dahlia IHACK/SLASH
36%
DÆMON IIIHades
36%
HIADICAI duckinf hatw you
36%
N/O/I/S/EIntro.Desolation
36%
OOGABOOGAJump
36%
RitualsNiagara (Waterfall)
36%
HIADICAOmnis
36%
For the Aspiring OccultistPlague Doctor Mask
36%
BlackmageScrying Through Shattered Glass
36%
HIADICATo Whom It May Concern
36%
HEXADAIdle Hands
32%
RitualsJumpshot
32%
PlaguesRapture
32%
HEXADASmog (City of Angeles)
32%
BlackmageAs Above So Look Out Below
28%
PlaguesGodhead
28%
HEXADAIntro.Decadence
28%
N/O/I/S/EMy Heart of Glass
28%
OOGABOOGAOrder 666
28%
BlackmagePentacles
28%
HEXADATartarus
28%
PlaguesUntil the Light Takes Us
28%
PlaguesWretched
28%
RitualsBalaclava
24%
HIADICACarbomb
24%
HEXADAChanging of the Tides
24%
DÆMON IIKybalion
24%
PlaguesLady Madini
24%
PlaguesPlague Dr Mask II
24%
BlackmageSex Magick
24%
BlackmageSomewhere Between Happiness and the Bottom of the Lake
24%
BlackmageStarshot
24%
HIADICAAcrylic
20%
Dahlia IBEWARE: THE SIRENS
20%
For the Aspiring OccultistBuckshot
20%
PlaguesCult of Thoth
20%
OOGABOOGADeadCelebs
20%
RitualsDear Old Dad
20%
For the Aspiring OccultistDeathwrap
20%
RitualsExhumed
20%
Dahlia IGRAIN
20%
HIADICAGranada Hotel
20%
PlaguesIntro.Discourse
20%
For the Aspiring OccultistLucid (Dreaming)
20%
OOGABOOGALysergic
20%
HIADICAPathetic
20%
HIADICAPink Mist
20%
RitualsSome of Us May Never See the World
20%
RitualsSwan
20%
PlaguesWishers Lose Copper Dreamers Lose Everything
20%
DIGITAL DEMONSDIGITAL DEMONS
16%
DOGMADOGMA
16%
BlackmageEnter Anubis
16%
BLUNTS N BRASS MONKEYGHOSTEMANE
16%
For the Aspiring OccultistGrindstone Cowboy
16%
For the Aspiring OccultistHeaven's Gate Has the Best Punch
16%
DÆMONI Believe You, But My Tommy Gun Don't
16%
For the Aspiring OccultistKast Out
16%
Astral Kreepin [Resurrected Hitz]Kronol
16%
RitualsLight the Pillars
16%
HIADICAMartial Law
16%
OOGABOOGANun Ta Sho
16%
DÆMON IIIPRÆY
16%
RitualsPumaFleece
16%
For the Aspiring OccultistRusty Chains
16%
OOGABOOGASNEAK DISS
16%
For the Aspiring OccultistSouth Pole Aint Comin Back
16%
RitualsStarterJacket
16%
Astral Kreepin [Resurrected Hitz]Technicolor
16%
ANTI-ICONThe rust
16%
RitualsThe Science Behind Why We're Doomed from the Start
16%
BlackmageThe Whole Where My Head Once Lived
16%
Evil Beneath a Veil of JusticeAlchemical Transmutation
12%
DIGITAL DEMONSANIMOSITY
12%
DOGMAAtlantis Is Buried Beneath the Snow in Antarctica
12%
DÆMON IIIBegotten (Where Was God)
12%
DÆMONBlack Blade Katana
12%
DÆMON IIBlasphemy at Turnbull Canyon
12%
OOGABOOGABloodshot
12%
BLUNTS N BRASS MONKEYBlunts-N-BrassMonkey
12%
Astral Kreepin [Resurrected Hitz]Bumps in tha Night
12%
DÆMONCaptain Harlock Incenerated My Home World
12%
KREEP [Klassics Out Tha Attic]Demon at the Swap Shop
12%
DÆMONDHML
12%
Astral Kreepin [Resurrected Hitz]Don't Cha Come Around
12%
DÆMON IIEta Carinae (Interlude)
12%
TechnomancerFoil
12%
DIGITAL DEMONSFOR MEPHISTO
12%
KREEP [Klassics Out Tha Attic]Get Up Offa Me
12%
TechnomancerHawaii on Fire
12%
Astral Kreepin [Resurrected Hitz]I Met R.C. Christian
12%
For the Aspiring OccultistInitiation
12%
DIGITAL DEMONSIN THE HOLLOW OF WORSHIP
12%
DOGMAI Was Born in the Wrong Generation
12%
DOGMAKlik Bait
12%
DIGITAL DEMONSLOBOTOMY
12%
GHOSTE TALESNaturalBornThrillers
12%
Astral Kreepin [Resurrected Hitz]Not/Whats/Hot
12%
Astral Kreepin [Resurrected Hitz]Pimp Slide Off A1A
12%
DÆMONPsilocybe
12%
RitualsPurple Blankets Everywhere
12%
GHOSTE TALESSameOldKid
12%
RitualsSeacrest
12%
KREEP [Klassics Out Tha Attic]Slumbag (Turn Em 2 a Speed Bump)
12%
TABOOTABOO
12%
TechnomancerThe Currse
12%
Astral Kreepin [Resurrected Hitz]Theta Wave
12%
DOGMAVirgil Warned Me About This Sh*t (Interno)
12%
OOGABOOGAWade Wilson Can't Die
12%
DÆMON IIWhere Stars Go to Die
12%
GHOSTE TALESWishbone
12%
WwwWww
12%
Www3Rah
8%
DÆMON IIIA Candlelit Mass
8%
Baader Meinhof - EPAdorare Bestiam in Vobis
8%
WwwAloneness
8%
PALLBEARERS: TALES FROM THE GRAVEBARRY WHITE PT.1
8%
DÆMON IIIBermuda
8%
TABOOBlack Cloudz
8%
BLUNTS N BRASS MONKEYBOW
8%
TABOOBrownBagBoy
8%
1991Busta (Skit)
8%
DÆMON IICrucible
8%
TABOODid.You.Check.Your.Spam.
8%
Evil Beneath a Veil of JusticeEnter Abaddon
8%
Evil Beneath a Veil of JusticeEvent Horizon
8%
TABOOEvilMindz
8%
BLUNTS N BRASS MONKEYFairWeatherFanz
8%
GHOSTE TALESGoodie Goodie
8%
Baader Meinhof - EPHelix de Falsum Blasphemiam
8%
PALLBEARERS: TALES FROM THE GRAVEIN MY CADILLAC
8%
1991K.M.N.O.Y.M.
8%
PALLBEARERS: TALES FROM THE GRAVEKRAZY ASS N***A
8%
PALLBEARERS: TALES FROM THE GRAVEKREEPIN THRU YO HOOD
8%
BLUNTS N BRASS MONKEYKreepStreet
8%
BLUNTS N BRASS MONKEYLeaveMeInTheSky
8%
BLUNTS N BRASS MONKEYLikeThis
8%
1991LXRD ZED Freestyle
8%
1991LXRD ZED II Freestyle
8%
PALLBEARERS: TALES FROM THE GRAVEMACKIN' NEVA SLACKIN'
8%
PALLBEARERS: TALES FROM THE GRAVEMASK ON [INTRO]
8%
TABOOMollyOllyOxenFree
8%
1991NaNaNa
8%
WwwNiteTerror
8%
TABOOOutland
8%
1991Outro
8%
1991PackUpThaPaint
8%
TABOOPay-Per-View
8%
TABOOPROXY
8%
Baader Meinhof - EPSacra PHI
8%
TABOOSamsāra
8%
1991SKYWLKR
8%
1991SOLOSET
8%
1991TakeNoSh*t
8%
PALLBEARERS: TALES FROM THE GRAVETHE APOLOGY [OUTRO]
8%
ANTI-ICONThe hate
8%
ANTI-ICONThe love
8%
ANTI-ICONThe pain
8%
1991#Throwitback
8%
BLUNTS N BRASS MONKEYT.R.I.P
8%
1991WakeUp
8%
BLUNTS N BRASS MONKEYWheelsRubbin
8%
1991WhenImaDie
8%
TABOOWhere Ashdro At?
8%
DÆMON IIIYour Tone of Voice Says It All
8%
ANTI-ICONThe ache
4%
ANTI-ICONThe days
4%
ANTI-ICONThe truth
4%
WwwVeil of Mortality
4%

Score Distribution

Percentile by Number Answered

Percent of People with Each Score

Your Score History

You have not taken this quiz